| 000 | 00692nam a2200229 a 4500 | ||
|---|---|---|---|
| 001 | BRCA_6165 | ||
| 005 | 20190320205345.0 | ||
| 008 | 070711s1930----nyuab#####---#000-0#eng-# | ||
| 041 | _aeng | ||
| 044 | _anyu | ||
| 050 | 4 |
_aD21 _b.W45 1930 |
|
| 100 | 1 |
_aWells, Herbert George _d1866-1946 _915538 |
|
| 245 | 1 | 0 |
_aThe Outline of history _cby H.G. Wells; illustrated by S. F. Horrabin. |
| 260 |
_aGarden City, Nueva York _bGarden City _c1930 |
||
| 300 |
_axxi, 1174 p. _bil., mapas _c21 cm. |
||
| 500 | _aIncluye tabla cronológica e índice alfabético. | ||
| 500 | _aK48 | ||
| 650 | 1 | 4 |
_aHistoria universal _99807 |
| 700 | 1 |
_aHorrabin, S. F. _eil. _915539 |
|
| 902 | _aGFM | ||
| 942 |
_2lcc _cB |
||
| 999 |
_c5852 _d5852 |
||